| 000 | 00923nam2a2200265 4500 | ||
|---|---|---|---|
| 001 | RU\NLR\bibl\486728 | ||
| 005 | 20250623194142.0 | ||
| 010 |
_a5-17-009389-6 _bКн. 1 |
||
| 010 |
_a5-17-008906-6 _94000 |
||
| 021 |
_aRU _b2003-70515 _93489 |
||
| 035 | _a(NLR Aleph) 000479429 | ||
| 090 |
_a1044213 _c1044213 |
||
| 100 | _a20040204d2003 |||y0rusy50 ca | ||
| 101 | 1 |
_arus _ceng |
|
| 102 | _aRU | ||
| 105 | _ay ||||||||| | ||
| 200 | 0 | _aКн. 1 | |
| 210 |
_d2003 _aБ. м. |
||
| 215 | _a285,[1] с. | ||
| 461 | 0 |
_1001RU\NLR\bibl\488912 _12001#$aНавсегда в твоих объятиях$vКн. 1 _91057215 _aВудивисс, К. _cМ. _d2003 _fКэтлин Вудивисс _nАСТ _o[Роман : В 2 кн.] _tНавсегда в твоих объятиях _y5-17-008906-6 _vКн. 1 |
|
| 801 | 0 |
_aRU _bNLR _c20040204 _gPSBO |
|
| 801 | 1 |
_aRU _bNLR _c20040204 |
|
| 942 | _cBOOK | ||
| 980 | _aNB | ||